000 00680nam a2200181Ia 4500
008 151018s9999 xx 000 0 und d
082 _bRBASDV22904
_a891.463
100 _aकुमुदिनी रांगणेकर
245 _aसरल्या श्रावणसरी
250 _b1
260 _bराजेंद्र प्रकाशन ठाणे
_c1989
300 _a342
600 _aकुमुदिनी रांगणेकर
630 _aसरल्या श्रावणसरी
700 _aकुमुदिनी रांगणेकर
730 _aसरल्या श्रावणसरी
942 _cBOOK
999 _c1022569
_d1022566